Yo expongo: (Record no. 688)

MARC details
000 -CABECERA
campo de control de longitud fija 01175nam a22002894c 4500
003 - IDENTIFICADOR DE NUMERO DE CONTROL
campo de control AR-BaSMT
008 - CAMPOS DE LONGITUD FIJA
campo de control de longitud fija 230327t2010 agd|||frib|| 001 0 spa d
020 ## - ISBN: Indicadores indefinidos
Número ISBN 9789876020305
040 ## - FUENTE DE CATALOGACION
Agencia de catalogación original BSGB
Idioma de catalogación español
Agencia que realiza la transcripción BSGB
Convenciones de la descripción rda
041 0# - CODIGO DE IDIOMA
Código idioma spa
Idioma original español
080 ## - CDU
CDU completo 802
100 1# - PUNTO DE ACCESO PRINCIPAL
Nombre de persona Padilla, Constanza
Enlace autoridades 512
245 1# - MENCION DE TITULO
Título Yo expongo:
Subtítulo Taller de prácticas de comprensión y producción textual
250 ## - MENCION DE EDICION
Mención de edición Primera edición
264 ## - PRODUCCIÓN, PUBLICACIÓN, DISTRIBUCIÓN, ETC.
Lugar de publicación, etc. Córdoba;
Nombre editor. Comunic-Arte,
Fecha 2010.
300 ## - DESCRIPCION FISICA
Extensión 120 páginas
336 ## - TIPO DE CONTENIDO
rdacontent rdacontent
texto texto
txt txt
337 ## - TIPO DE MEDIO
rdamedia rdamedia
sin mediación sin mediación
n n
338 ## - TIPO DE SOPORTE
rdacarrier rdacarrier
volumen volumen
nc nc
490 ## - TÍTULO DE LA SERIE
Título de la serie Lengua y discurso
520 ## - NOTA DE SUMARIO, RESUMEN, ETC.
Toda la nota Yo expongo. Taller de prácticas de comprensión y producción de textos expositivos plantea cuestiones teóricas y prácticas que sirven para conocer y repensar aspectos fundamentales de los textos expositivos - incluidos los llamados textos de divulgación científica- que pueden ayudar a mejorar su comprensión y producción.
521 ## - NOTA DE PÚBLICO DESTINATARIO
Nota de audiencia Público general
700 7# - PUNTO DE ACCESO ADICIONAL – NOMBRE DE PERSONA
Apellido, Nombre Douglas de Sirgo, Silvina
Término relacionador: Autor
Enlace autoridades 513
700 1# - PUNTO DE ACCESO ADICIONAL – NOMBRE DE PERSONA
Apellido, Nombre Lopez, Esher
Término relacionador: Autor
Enlace autoridades 514
942 ## - ELEMENTOS AGREGADOS (KOHA)
CDU Clasificación Decimal Dewey
Tipo de ítem Libros
Holdings
Disponible Perdido Fuente de clasificación Estado Ubicación permanente Locación actual Estante o sala Fuente de adquisición Número de inventario Total préstamos Signatura topográfica Código de barras Numero de ejemplar Tipo de item de Koha Calificador de localización códificado
    Clasificación Decimal Dewey   Biblioteca Susana G. De Batemarco Biblioteca Susana G. De Batemarco Literatura Secundaria Compra feria del libro 2025 030252   802 PAD 030252 1 Libros  

Powered by Koha